Personas con discapacidad: perspectivas psicopedagógicas y rehabilitadoras
Na minha lista:
| Autor principal: | |
|---|---|
| Formato: | Livro |
| Idioma: | espanhol |
| Publicado em: |
Madrid
Siglo Veintiuno
1998
|
| Edição: | 2a. ed |
| Colecção: | Manuales. Psicología
|
| Assuntos: | |
| Tags: |
Adicionar Tag
Sem tags, seja o primeiro a adicionar uma tag!
|
MARC
| LEADER | 00000nam a2200000 a 4500 | ||
|---|---|---|---|
| 001 | UCN2489 | ||
| 003 | CL-VaPUC | ||
| 008 | 010530e19980000SP |||||||||||||||||spa|d | ||
| 082 | 0 | 4 | |a 305.908 |b VER |2 21 |
| 100 | 0 | |a Verdugo Alonso, Miguel Angel |e author |9 254799 | |
| 245 | 1 | 0 | |a Personas con discapacidad: perspectivas psicopedagógicas y rehabilitadoras |
| 250 | |a 2a. ed | ||
| 300 | |a 1437 p | ||
| 942 | |c BK | ||
| 945 | |d 20010530 00:00:00 |a vberengu | ||
| 260 | |a Madrid |b Siglo Veintiuno |c 1998 | ||
| 650 | 0 | |a Minusválidos mentales |9 311830 | |
| 650 | 0 | |a Deficiencia mental |9 334734 | |
| 650 | 0 | |a Problemas sociales |9 258537 | |
| 650 | 7 | |a ENFERMEDADES DEL SISTEMA SENSORIAL |2 CL-VaPUC |9 334739 | |
| 650 | 0 | |a Educación especial |9 307486 | |
| 650 | 7 | |a MINUSVALIDOS FISICOS |2 CL-VaPUC |9 334759 | |
| 583 | |a last modification |c 20010530 00:00:00 |k Rodrigo Vera | ||
| 490 | 0 | |a Manuales. Psicología | |
| 999 | |c 295588 |d 295586 | ||
| 952 | |0 0 |1 0 |2 ddc |4 0 |6 305_908000000000000_VER_1998 |7 0 |8 A |9 348854 |a BIBEDU |b BIBEDU |d 2019-11-20 |i 3698238 |o 305.908 VER 1998 |p 3698238 |r 2019-11-20 |w 2019-11-20 |y BK |k EPE | ||